| 000 | 01198nmm a2200385 a 4500 | ||
|---|---|---|---|
| 003 | AR-BaBNM | ||
| 005 | 20251128203514.0 | ||
| 008 | 145019s1987 ||||||||||||||000 | spa|| | ||
| 020 | _a950-01-0325-7 | ||
| 040 | _cAR-BaBNM | ||
| 100 | 1 | _aSoria de Fernández Durán, Elsa | |
| 245 | 1 | 0 | _aAprestamiento informático |
| 250 | _a1ª ed. | ||
| 260 |
_aBuenos Aires _bEstrada _c1987 |
||
| 300 | 0 |
_a131 p. _bil., gráfs., diagr. |
|
| 500 | 0 | _aIncluye las fichas de taller de aprestamiento informático | |
| 650 | 4 | _aINFORMATICA | |
| 650 | 4 | _aENSENANZA AUDIOVISUAL | |
| 650 | 4 | _aENSENANZA POR MULTIMEDIOS | |
| 650 | 4 | _aTALLERES ESCOLARES | |
| 650 | 4 | _aTALLERES [METODO PEDAGOGICO] | |
| 650 | 4 | _aTECNICAS INFORMATICAS | |
| 650 | 4 | _aENSENANZA POR COMPUTADORA | |
| 650 | 4 | _aENSENANZA DE LA INFORMATICA | |
| 650 | 4 | _aDIFUSION DE LA INFORMACION | |
| 650 | 4 | _aMEDIOS DE COMUNICACION DE MASAS | |
| 650 | 4 | _aUSUARIOS DE INFORMACION | |
| 650 | 4 | _aTECNICAS DE ENSENANZA | |
| 650 | 4 | _aPROYECTOS EDUCACIONALES | |
| 650 | 4 | _aMETODOS DE CAPACITACION | |
| 650 | 4 | _aINNOVACIONES EN LOS METODOS DE ENSENANZA | |
| 650 | 4 | _aPROCESAMIENTO DE LA INFORMACION | |
| 942 | _cBK | ||
| 998 | _cEthel | ||
| 999 |
_c3686 _d3686 |
||